1341 1942 1891 1243 1972 1887 1173 1902 1176 1202 1523 1709 1658 1381 1398 1883 1084 1431 1215 1389 1405 1696 1587 1906 1439 1478 1008 1108 1917 1400 1254 1054 1105 1313 1160 1507 1979 1143 1801 1329 1157 1200 1993 1833 1798 1224 1515 1390 1764 1942 1407 1489 1652 1952 1681 1692 1086 1005 1200 1989 1070 1049 1491 1206 1144 1178 1597 1937 1299 1702 1169 1819 1285 1335 1662 1484 1537 1319 1974 1282 1674 1668 1128 1520 1494 1407 1615 1919 1050 1386 1578 1446 1402 1142 1290 1493 1886 1235 1767 BCNSPRNW ULIB Ver.6.0+V

เปลี่ยนเป็นภาษาไทย

Change to English
 แสดงรายละเอียดบรรณานุกรม
  กลับหน้าหลัก

Brief Record : Get Marc (ISO 2709) : E-mail record : QR code < ปิดหน้าต่าง
LEADER : 00000nam 2200000uu 4500
001    13399113386
003     ULIB
008    111109s2547||||th 000 0 tha d
020    9744220368 (ล.4)
060 04 QZ200^bส184 ล.4 2547
245 00 สถิติโรคมะเร็ง ศูนย์มะเร็ง ลำปาง ปี พ.ศ.2546 =^bHospital-based cancer registry /^cศูนย์มะเร็ง ลำปาง
246 31 Hospital-based cancer registry
260    ลำปาง :^bศูนย์มะเร็ง ลำปาง,^c2547
300    59 หน้า
650  7 มะเร็ง^xสถิติและข้อมูลตัวเลข
710 2  ศูนย์มะเร็ง ลำปาง
945    ^p0^l0^i24547
995     กัณชพร
999    ^aใช้งานได้ทุกระบบ
รายการนี้ยังไม่มีแท็ก
คุณยังไม่ได้ล็อกอิน คุณสามารถมีกิจกรรมร่วมกับเว็บไซต์ได้ แต่ต้องล็อกอินก่อน ::
  ล็อกอิน

รายการสื่อสารสนเทศ

ลำดับที่ ประเภท เลขเรียก/บาร์โค้ด สถานที่ สถานะ
- ไม่พบข้อมูล -

BibComment


ยังไม่เคยถูกคอมเมนท์

คอมเมนท์ทรัพยากรรายการนี้
  คอมเมนท์: สถิติโรคมะเร็ง ศู..


 Copyright 2026. Bcnsprnw @Library